Softstone : approaches to the study of chlorite and calcite vessels in the Middle East and Central Asia from prehistory to the present /
Stone containers have been made and used in the Middle East for over eleven millennia where they pre-dated the invention of pottery and were widely traded. The appearance or properties of the stone helped govern how stone vessels were valued or used and many classes were strictly utilitarian, being...
مؤلفون آخرون: ,
التنسيق: كتاب الكتروني
اللغة: English
منشور في:
Summertown, Oxford :
Archaeopress Publishing Ltd,
2018.
سلاسل:
British Foundation for the Study of Arabia monographs ;
20.
الموضوعات:
الوصول للمادة أونلاين: Login to view Source
الوسوم: إضافة وسم
رقم الطلب: NK8713.7
| LEADER | 02732nam a2200469 i 4500 | ||
|---|---|---|---|
| 001 | EDZ0001948591 | ||
| 003 | StDuBDS | ||
| 005 | 20230412182326.0 | ||
| 006 | m|||||o||d|||||||| | ||
| 007 | cr ||||||||||| | ||
| 008 | 180808s2018 enka fob 000|0|eng|d | ||
| 020 | |a 9781784919931 (ebook) : |c No price | ||
| 040 | |a StDuBDS |b eng |c StDuBDS |e rda |e pn | ||
| 050 | 4 | |a NK8713.7 | |
| 082 | 0 | 4 | |a 736.50935 |2 23 |
| 245 | 0 | 0 | |a Softstone : |b approaches to the study of chlorite and calcite vessels in the Middle East and Central Asia from prehistory to the present / |c edited by Carl S. Phillips and St John Simpson. |
| 264 | 1 | |a Summertown, Oxford : |b Archaeopress Publishing Ltd, |c 2018. | |
| 300 | |a 1 online resource (viii, 270 pages) : |b illustrations (black and white, and colour). | ||
| 336 | |a text |2 rdacontent | ||
| 336 | |a still image |2 rdacontent | ||
| 337 | |a computer |2 rdamedia | ||
| 338 | |a online resource |2 rdacarrier | ||
| 490 | 1 | |a British Foundation for the Study of Arabia monographs ; |v 20 | |
| 500 | |a Previously issued in print: 2018. | ||
| 504 | |a Includes bibliographical references. | ||
| 520 | 8 | |a Stone containers have been made and used in the Middle East for over eleven millennia where they pre-dated the invention of pottery and were widely traded. The appearance or properties of the stone helped govern how stone vessels were valued or used and many classes were strictly utilitarian, being used for storage, cooking or lighting. Others were decorated and at times they were considered valuable exotica, particularly in regions far removed from their source areas. The subject of stone vessels is attracting growing attention but this is the first attempt to bring together different approaches to the study of softstone vessels, particularly but not exclusively those carved from varieties of chlorite, and covering all periods from prehistory to the present. | |
| 521 | |a Specialized. | ||
| 588 | |a Description based on online resource; title from home page (viewed on October 8, 2018). | ||
| 650 | 0 | |a Excavations (Archaeology) |z Asia. | |
| 650 | 0 | |a Excavations (Archaeology) |z Middle East. | |
| 650 | 0 | |a Stone vases |z Asia. | |
| 650 | 0 | |a Stone vases |z Middle East. | |
| 651 | 0 | |a Asia |x Antiquities. | |
| 651 | 0 | |a Middle East |x Antiquities. | |
| 700 | 1 | |a Phillips, Carl S., |e editor. | |
| 700 | 1 | |a Simpson, St John, |e editor. | |
| 776 | 0 | 8 | |i Print version : |z 9781784919924 |
| 830 | 0 | |a British Foundation for the Study of Arabia monographs ; |v 20. | |
| 856 | 4 | 0 | |3 Archaeopress |u http://library.arce.org:8087/Archaeopress/Products/9781784919924 |
| 942 | |2 lcc |c EBOOK | ||
| 952 | |0 0 |1 0 |4 0 |6 NK87137 |7 1 |9 46453 |a ARCH |b ARCH |d 2023-04-12 |l 0 |o NK8713.7 |r 2023-04-12 00:00:00 |w 2023-04-12 |y EBOOK | ||
| 999 | |c 52111 |d 52111 | ||
